Vivamos mejor / (Record no. 89159)

MARC details
000 -CABECERA
campo de control de longitud fija 01016nam a2200241 a 4500
005 - FECHA Y HORA DE LA ÚLTIMA TRANSACCIÓN
campo de control 20240213063900.0
008 - ELEMENTOS DE LONGITUD FIJA--INFORMACIÓN GENERAL
campo de control de longitud fija 020225s2001 mx r 000 0 spa d
035 ## - NÚMERO DE CONTROL DEL SISTEMA
Número de control de sistema UPN01000116422
049 ## - COLECCIÓN
Colección CE
050 #4 - SIGNATURA TOPOGRÁFICA DE LA BIBLIOTECA DEL CONGRESO
Número de clasificación LC5219 E3
Número de documento/Ítem A7.8
100 1# - ASIENTO PRINCIPAL--NOMBRE PERSONAL
Nombre de persona Aravedo Reséndiz, María de Lourdes
9 (RLIN) 28737
245 10 - MENCIÓN DE TÍTULO
Título Vivamos mejor /
Mención de responsabilidad, etc. María de Lourdes Aravedo Reséndiz, María Teresa Córdova Ireta, Alejandro F. Galicia López.
260 ## - PUBLICACIÓN, DISTRIBUCIÓN, ETC.
Lugar de publicación, distribución, etc. México :
Nombre del editor, distribuidor, etc. INEA,
Fecha de publicación, distribución, etc. 2001.
300 ## - DESCRIPCIÓN FÍSICA
Extensión 1 paquete (8 piezas) :
Otras características físicas il. col.
440 #0 - MENCIÓN DE SERIE/ASIENTO SECUNDARIO--TÍTULO
Título Educación para la vida.
Nombre de parte o sección de la obra Ciencias
505 8# - NOTA DE CONTENIDO CON FORMATO PREESTABLECIDO
Nota de contenido con formato Contenido: Libro del adulto -- Cuaderno de trabajo -- Revista -- Fichas de trabajo -- Guía del asesor -- Atlas del cuerpo humano (2 pliegos) -- Juego la oca de la salud
650 #4 - ASIENTO SECUNDARIO DE MATERIA - TERMINO TEMATICO
Término de materia o nombre geográfico como elemento de entrada Niños
Subdivisión general Salud e higiene
9 (RLIN) 4876
650 #4 - ASIENTO SECUNDARIO DE MATERIA - TERMINO TEMATICO
Término de materia o nombre geográfico como elemento de entrada Familias
Subdivisión general Conducta de vida
9 (RLIN) 9121
650 #4 - ASIENTO SECUNDARIO DE MATERIA - TERMINO TEMATICO
Término de materia o nombre geográfico como elemento de entrada Relaciones interpersonales
9 (RLIN) 1551
700 1# - ASIENTO SECUNDARIO--NOMBRE DE PERSONAL
Nombre de persona Córdova Ireta, María Teresa,
Término indicativo de función/relación coaut.
9 (RLIN) 32863
700 1# - ASIENTO SECUNDARIO--NOMBRE DE PERSONAL
Nombre de persona Galicia López, Alejandro F.,
Término indicativo de función/relación coaut.
905 ## - TIPO DE MATERIAL
Tipo de material Libro
Holdings
Estado de retiro Estado de pérdida Fuente del sistema de clasificación o colocación Estado dañado No para préstamo Código de colección Localización permanente Ubicación/localización actual Ubicación en estantería Enumeración/cronología de publicación seriada Total de préstamos Clasificación Código de barras Fecha visto por última vez Número de copia Tipo de ítem Koha
    Library of Congress Classification   Coleccion Esp. Colección Especial Bib. Gregorio Torres Quintero Bib. Gregorio Torres Quintero Colección Especial 1 paquete (8 piezas)   LC5219 E3 A7.8 189887 31/12/2020 1 Libro
    Library of Congress Classification   Coleccion Esp. Colección Especial Bib. Gregorio Torres Quintero Bib. Gregorio Torres Quintero Colección Especial 1 paquete (8 piezas)   LC5219 E3 A7.8 213386 31/12/2020 1 Libro